|
|
|
|
| LEADER |
00000naa0a2200000 4500 |
| 001 |
591877 |
| 005 |
20250827130646.0 |
| 035 |
|
|
|a (RuTPU)RU\TPU\tpu\2807
|
| 035 |
|
|
|a TPU00002807
|
| 090 |
|
|
|a 591877
|
| 100 |
|
|
|a 20011210d1962 k||y0rusy50 ca
|
| 101 |
0 |
|
|a rus
|
| 102 |
|
|
|a RU
|
| 200 |
1 |
|
|a Некоторые вопросы методики инженерно-геологического картирования промышленных районов Западно-Сибирской низменности в связи с гражданским и промышленным строительством
|f Г. А. Сулакшина, Г. П. Хорольская
|
| 463 |
|
1 |
|t Совещание по проблемам инженерно-геологического районирования и картирования
|o тезисы докладов
|v С. 77-78
|d 1962
|
| 610 |
1 |
|
|a геолого-географические науки
|
| 610 |
1 |
|
|a труды учёных ТПУ
|
| 700 |
|
1 |
|a Сулакшина
|b Г. А.
|
| 701 |
|
1 |
|a Хорольская
|b Г. П.
|
| 801 |
|
0 |
|a RU
|b 63413507
|c 20011210
|g PSBO
|
| 801 |
|
2 |
|a RU
|b 63413507
|c 20061003
|g PSBO
|
| 942 |
|
|
|c BK
|